[Event "Druzynowe Mistrzostwa Polski Kobiet w Szachach Blyskawicznych"]
[Site "Szczawno-Zdroj"]
[Date "1899-12-30"]
[Round "1.1"]
[White "Karykowska, Anna"]
[Black "Majdan, Joanna"]
[Result "0-1"]
[WhiteTitle "k"]
[BlackTitle "WGM"]
[WhiteElo "1651"]
[BlackElo "2294"]

1. e4 d6 2. d4 g6 3. Nc3 Bg7 4. f4 Nd7 5. Nf3 a6 6. a4 e6 7. Bc4 Ne7 8. O-O O-O
9. Be3 b6 10. Kh1 Bb7 11. Qd2 Nf6 12. e5 Ne4 13. Nxe4 Bxe4 14. Rad1 Qd7 15. Qf2
Nf5 16. Ng5 Bb7 17. Bd3 Qxa4 18. b3 Qd7 19. Bxf5 exf5 20. Nf3 Rfe8 21. Rfe1 Rad8
22. Bc1 dxe5 23. fxe5 Be4 24. c3 c5 25. Bg5 Rc8 26. dxc5 Qb5 27. cxb6 Rxc3 28.
Bf4 Rxb3 29. h3 Rb2 30. Qg3 Qxb6 31. Ng5 Bxg2+ 0-1

[Event "Druzynowe Mistrzostwa Polski Kobiet w Szachach Blyskawicznych"]
[Site "Szczawno-Zdroj"]
[Date "1899-12-30"]
[Round "1.2"]
[White "Korosciel, Aneta"]
[Black "Lascar, Maria Elena"]
[Result "1/2-1/2"]
[WhiteTitle "m"]
[BlackTitle "I+"]
[WhiteElo "1852"]
[BlackElo "1576"]

1. e4 c5 2. Nf3 a6 3. c3 Nc6 4. d4 cxd4 5. cxd4 e6 6. Nc3 Nf6 7. Be2 Be7 8. O-O
O-O 9. a3 d6 10. Re1 Bd7 11. b4 Rc8 12. Bb2 Qb6 13. e5 Nd5 14. Nxd5 exd5 15. Bf1
Be6 16. Rc1 Rfd8 17. Ba1 dxe5 18. Nxe5 Nxe5 19. dxe5 Rxc1 20. Qxc1 d4 21. Bd3
a5 22. bxa5 Qxa5 23. Qb1 Qxa3 24. Bxh7+ Kh8 25. Bd3 Bg5 26. Bb2 Qb3 27. g3 Bd2
28. Rd1 Qb4 29. Qc2 Bc3 30. Bc1 Bb3 31. Qe2 Bxd1 32. Qxd1 Kg8 33. Qh5 g6 34. Bxg6
fxg6 35. Qxg6+ Kf8 36. Bh6+ Ke7 37. Bg5+ Kd7 38. Qf7+ Kc6 39. Bxd8 Qb1+ 40. Kg2
Qe4+ 41. Kh3 Qe1 42. Qc7+ Kb5 43. Qxb7+ Kc4 44. Qa6+ Kb3 45. Qb5+ Kc2 46. Qa4+
Kd3 47. Qb5+ Kc2 48. Qa4+ Kd3 49. Qb5+ Kc2 50. Qa4+ Kd3 1/2-1/2

[Event "Druzynowe Mistrzostwa Polski Kobiet w Szachach Blyskawicznych"]
[Site "Szczawno-Zdroj"]
[Date "1899-12-30"]
[Round "1.3"]
[White "Zmarzly, Aleksandra"]
[Black "Parol, Pola"]
[Result "0-1"]
[WhiteTitle "k+"]
[BlackTitle "WFM"]
[WhiteElo "1901"]
[BlackElo "1723"]

1. d4 Nf6 2. c4 e6 3. Nc3 Bb4 4. e3 O-O 5. a3 Bxc3+ 6. bxc3 d5 7. cxd5 exd5 8.
Bd3 Bg4 9. Ne2 c5 10. O-O Nc6 11. Ra2 c4 12. Bb1 Re8 13. f3 Bh5 14. Ng3 Bg6 15.
Bxg6 hxg6 16. Re2 b5 17. e4 Qa5 18. Qc2 Qa4 19. Qb1 Na5 20. e5 Nh5 21. e6 Nxg3
22. hxg3 Qb3 23. Bb2 Nc6 24. Rfe1 f5 25. g4 Ne7 26. gxf5 gxf5 27. g4 Rf8 28. Re5
g6 29. R5e2 Rae8 30. Rh2 Kg7 31. Qc1 Rh8 32. Rxh8 Rxh8 33. gxf5 Nxf5 34. e7 Re8
35. Ba1 Rxe7 36. Rf1 Re3 37. f4 Qa2 38. Rf2 Re2 39. Rxe2 Qxe2 40. Bb2 Ng3 41.
Qb1 Qe3+ 42. Kh2 Nf5 43. Bc1 Qf2+ 44. Kh1 Ng3# 0-1

[Event "Druzynowe Mistrzostwa Polski Kobiet w Szachach Blyskawicznych"]
[Site "Szczawno-Zdroj"]
[Date "1899-12-30"]
[Round "1.4"]
[White "Rykala, Monika"]
[Black "Zdziarska-zareba, Lidia"]
[Result "1/2-1/2"]
[WhiteTitle "I++"]
[BlackTitle "k+"]
[WhiteElo "1756"]
[BlackElo "1745"]

1. d4 Nf6 2. e3 c5 3. b3 cxd4 4. exd4 g6 5. Bd3 Bg7 6. Bb2 O-O 7. Nf3 Nc6 8. a3
d5 9. O-O Bg4 10. Nbd2 Rc8 11. h3 Bd7 12. Re1 Nh5 13. Ne5 Nxe5 14. dxe5 Nf4 15.
Bf1 Bf5 16. Rc1 Qb6 17. Nf3 Bh6 18. Nd4 Bd7 19. Rb1 Ne6 20. Nxe6 Bxe6 21. Bd3
Rfd8 22. Qf3 Bg7 23. Qf4 Qa5 24. a4 a6 25. Ra1 Qc7 26. Qf3 Qc5 27. Qe3 Qc7 28.
Bd4 Qd7 29. Bb6 Re8 30. Rad1 Bf5 31. c4 Bxd3 32. Rxd3 e6 33. Red1 Qc6 34. cxd5
exd5 35. Rxd5 Bxe5 36. Rxe5 Rxe5 37. Qxe5 Qxb6 38. Qg3 Qc6 39. Qd3 Qc7 40. Qd7
Kg7 41. Qxc7 Rxc7 42. Rd3 Re7 43. f3 Rc7 44. Kf2 Rc2+ 1/2-1/2

[Event "Druzynowe Mistrzostwa Polski Kobiet w Szachach Blyskawicznych"]
[Site "Szczawno-Zdroj"]
[Date "1899-12-30"]
[Round "1.5"]
[White "Krzyzosiak, Anna"]
[Black "Pawicka, Magdalena"]
[Result "1/2-1/2"]
[WhiteTitle "I++"]
[BlackTitle "I"]
[WhiteElo "1523"]
[BlackElo "1521"]

1. e4 e5 2. Nf3 Nc6 3. Bc4 Bc5 4. c3 Nf6 5. d3 a6 6. O-O Ba7 7. Bb3 d6 8. h3 h6
9. Be3 g5 10. Nbd2 g4 11. hxg4 Nxg4 12. Bxa7 Nxa7 13. d4 Nc6 14. dxe5 dxe5 15.
Nc4 Be6 16. Qxd8+ Rxd8 17. Rad1 Ke7 18. Ncd2 f6 19. Bxe6 Kxe6 20. Nb3 b6 21. Nh2
Nxh2 22. Kxh2 Rxd1 23. Rxd1 Rd8 24. Rxd8 Nxd8 25. Nd2 Nf7 1/2-1/2

[Event "Druzynowe Mistrzostwa Polski Kobiet w Szachach Blyskawicznych"]
[Site "Szczawno-Zdroj"]
[Date "1899-12-30"]
[Round "1.6"]
[White "Smietanska, Wiktoria"]
[Black "Krzyzosiak, Marta"]
[Result "1/2-1/2"]
[WhiteTitle "CM"]
[BlackTitle "I+"]
[WhiteElo "1324"]
[BlackElo "1432"]

1. c4 Nf6 2. Nc3 g6 3. d4 Bg7 4. Bf4 d6 5. e3 O-O 6. Nf3 Nbd7 7. Be2 c5 8. Qd2
b6 9. Rd1 Bb7 10. O-O d5 11. cxd5 Nxd5 12. Nxd5 Bxd5 13. dxc5 Bc6 14. cxb6 Nxb6
15. Qc2 Qc8 16. b3 Bb7 17. Qxc8 Raxc8 18. Rc1 e6 19. Rfd1 Nd5 20. Bc4 Nxf4 21.
exf4 Bxf3 22. gxf3 Bh6 23. Rd4 Rfd8 24. Rcd1 Rxd4 25. Rxd4 Bg7 26. Rd7 a5 27.
Kg2 Bc3 28. Kg3 Rc5 29. Rd3 Bf6 30. Rd7 Kf8 31. Rd3 Kg8 32. Rd2 Kf8 33. Rd3 Kg8
34. Rd2 Kf8 1/2-1/2

[Event "Druzynowe Mistrzostwa Polski Kobiet w Szachach Blyskawicznych"]
[Site "Szczawno-Zdroj"]
[Date "1899-12-30"]
[Round "2.1"]
[White "Majdan, Joanna"]
[Black "Andrejczuk, Beata"]
[Result "1-0"]
[WhiteTitle "WGM"]
[BlackTitle "WFM"]
[WhiteElo "2294"]
[BlackElo "1905"]

1. Nf3 Nf6 2. g3 d6 3. Bg2 g6 4. d4 Bg7 5. O-O O-O 6. Nc3 Nbd7 7. e4 Nb6 8. Re1
Re8 9. h3 e6 10. Bg5 h6 11. Bd2 Kh7 12. b3 Bd7 13. a4 a5 14. Qe2 Ng8 15. e5 d5
16. Nh2 Ne7 17. Ng4 Nf5 18. h4 Nxd4 19. Qd3 Nf5 20. h5 Rh8 21. hxg6+ fxg6 22.
Ne2 h5 23. Nf6+ Bxf6 24. exf6 Rf8 25. Bg5 Rf7 26. Nf4 c5 27. Nxe6 Bxe6 28. Rxe6
Qc7 29. Rae1 c4 30. bxc4 dxc4 31. Qe4 Nxa4 32. Re5 Nb6 33. Rxf5 gxf5 34. Qxf5+
Kh8 35. Re7 Rxe7 36. fxe7 Nd7 37. Qf7 Qe5 38. Bf4 Qe1+ 39. Kh2 Rg8 40. Qxh5+ Kg7
41. Bh6+ Kf6 42. Qh4+ Ke6 43. Qxc4+ Kxe7 44. Qxg8 Nf6 45. Bg5 Qxf2 46. Qg7+ Ke6
47. Bxf6 Qxf6 48. Qxb7 Qh6+ 49. Bh3+ Ke5 50. Qb5+ Kd4 51. Qd3+ Kc5 52. c3 a4 53.
Qd4+ Kb5 54. Qb4+ Kc6 55. Qxa4+ Kb6 56. Qf4 Qc6 57. Qd4+ Ka6 58. Bf1+ Ka5 59.
Qb4# 1-0

[Event "Druzynowe Mistrzostwa Polski Kobiet w Szachach Blyskawicznych"]
[Site "Szczawno-Zdroj"]
[Date "1899-12-30"]
[Round "2.2"]
[White "Andrzejewska, Anna"]
[Black "Korosciel, Aneta"]
[Result "0-1"]
[WhiteTitle "k"]
[BlackTitle "m"]
[WhiteElo "1796"]
[BlackElo "1852"]

1. e4 d6 2. d4 Nf6 3. Nc3 c6 4. f4 Qa5 5. Bd3 e5 6. Nf3 exd4 7. Nxd4 g6 8. h3 Bg7
9. Nb3 Qc7 10. Qe2 Nbd7 11. O-O O-O 12. Bd2 Re8 13. Rae1 b5 14. a3 a5 15. Qf3
Bb7 16. Kh1 b4 17. axb4 axb4 18. Nd1 c5 19. Bb5 Nxe4 20. Qd3 d5 21. Bxd7 Qxd7
22. c4 Nxd2 23. Nxd2 d4 24. Nf2 Qc6 25. Nf3 Rac8 26. Ng4 h5 27. Nge5 Bxe5 28.
fxe5 Qe6 29. b3 Ra8 30. Re2 Ra3 31. Nd2 Rea8 32. Ref2 Ra1 33. Qc2 Qxh3+ 34. Kg1
Qe3 35. Kh2 Qxe5+ 36. Kg1 Rxf1+ 37. Rxf1 Qe3+ 38. Rf2 Ra1+ 39. Nf1 d3 40. Qb2
Qd4 41. Qd2 Rb1 42. Qg5 d2 0-1

[Event "Druzynowe Mistrzostwa Polski Kobiet w Szachach Blyskawicznych"]
[Site "Szczawno-Zdroj"]
[Date "1899-12-30"]
[Round "2.3"]
[White "Jedrzejko, Martyna"]
[Black "Wikar, Martyna"]
[Result "0-1"]
[WhiteTitle "I"]
[BlackTitle "I++"]
[WhiteElo "1320"]
[BlackElo "1846"]

1. e4 c5 2. Nf3 Nc6 3. d4 cxd4 4. Nxd4 Nf6 5. Nc3 e5 6. Ndb5 d6 7. Bg5 a6 8. Na3
b5 9. Nd5 Be7 10. Bxf6 Bxf6 11. c4 b4 12. Nc2 a5 13. Be2 Bg5 14. Nce3 O-O 15.
O-O Be6 16. Qc2 Nd4 17. Qd1 Rc8 18. Nc2 Bxd5 19. exd5 Nxc2 20. Qxc2 f5 21. a3
e4 22. axb4 axb4 23. Ra4 Qb6 24. Raa1 Bf6 25. Rab1 b3 26. Qd2 Be5 27. Kh1 f4 28.
Bg4 Rxc4 29. Be2 Rc2 30. Qd1 f3 31. gxf3 exf3 32. Bd3 Rxf2 33. Rxf2 Qxf2 34. Bf1
Qxh2# 0-1

[Event "Druzynowe Mistrzostwa Polski Kobiet w Szachach Blyskawicznych"]
[Site "Szczawno-Zdroj"]
[Date "1899-12-30"]
[Round "2.4"]
[White "Swiech, Joanna"]
[Black "Janikowska, Wiktoria"]
[Result "1-0"]
[WhiteTitle "k"]
[BlackTitle "I"]
[WhiteElo "1679"]
[BlackElo "1266"]

1. d4 Nf6 2. c4 g6 3. Nc3 Bg7 4. e4 d6 5. f3 Nbd7 6. Be3 O-O 7. Bd3 e5 8. d5 a6
9. Nge2 Ne8 10. Qd2 c6 11. O-O cxd5 12. Nxd5 Nc7 13. Nec3 f5 14. exf5 gxf5 15.
Bg5 Nf6 16. Nb6 Rb8 17. Nxc8 Qxc8 18. Qc2 Nh5 19. Be7 Rf7 20. Bxd6 Qd7 21. Bxc7
Qxc7 22. Nd5 Qd7 23. Rad1 Qe6 24. Rfe1 Nf4 25. Nxf4 Qb6+ 26. Kh1 exf4 27. c5 Qg6
28. Bc4 Rbf8 29. Bxf7+ Qxf7 30. Qb3 Qxb3 31. axb3 Bxb2 32. Rd7 Bc3 33. Rc1 Bb4
34. Rxb7 Bd2 35. Rc2 Re8 36. g3 fxg3 37. hxg3 Bg5 38. c6 Rc8 39. c7 Kf7 40. Rb8
Rxb8 41. cxb8=Q Be3 42. Rc7+ Ke6 43. Qe8+ Kd6 44. Rd7+ Kc6 45. Qc8+ Kb6 46. Rb7+
Ka5 47. Qc3# 1-0

[Event "Druzynowe Mistrzostwa Polski Kobiet w Szachach Blyskawicznych"]
[Site "Szczawno-Zdroj"]
[Date "1899-12-30"]
[Round "2.5"]
[White "Kucharska, Honorata"]
[Black "Cagara, Paulina"]
[Result "0-1"]
[WhiteTitle "WFM"]
[BlackTitle "m"]
[WhiteElo "1961"]
[BlackElo "1971"]

1. e4 c6 2. d4 d5 3. exd5 cxd5 4. Bd3 Nc6 5. c3 g6 6. h3 Nh6 7. Nf3 Bf5 8. O-O
Bxd3 9. Qxd3 Nf5 10. Bf4 Bg7 11. Nbd2 O-O 12. Rfe1 e6 13. Nf1 Nd6 14. Ng3 a6 15.
Ne5 Nxe5 16. dxe5 Nc4 17. b3 Nb6 18. Rad1 Qh4 19. Be3 Nd7 20. Bd4 Rac8 21. Qe3
Bh6 22. Qe2 b5 23. Nf1 Qe7 24. Nh2 Bg7 25. Ng4 h5 26. Nh2 Nc5 27. Nf1 Ne4 28.
Qe3 Kh7 29. f3 Bh6 30. Qd3 Nc5 31. Qe2 Nb7 32. Qf2 Na5 33. f4 Nc6 34. Bc5 Qd7
35. Bxf8 Bxf8 36. Kh1 Ne7 37. Qf3 Nf5 38. Ng3 Nh4 39. Qd3 Qa7 40. Rf1 Bh6 41.
Nxh5 Nf5 42. Nf6+ Kg7 43. Ng4 Qb6 44. Nxh6 Kxh6 45. g4 Ne7 46. Rf3 Nc6 47. Kg2
d4 48. f5 Nxe5 49. Qd2+ Kg7 50. f6+ Kh7 51. Rf2 Qc6+ 52. Kg3 dxc3 53. Qd6 Qxd6
54. Rxd6 c2 55. Rxc2 Rxc2 56. Rxa6 Rc3+ 57. Kg2 Nd3 58. Ra7 Kg8 59. Ra8+ Kh7 60.
Ra7 Rc2+ 61. Kf3 Ne5+ 62. Ke4 Re2+ 63. Kf4 Nd3+ 64. Kf3 Rf2+ 65. Kg3 Rxf6 66.
Rb7 b4 67. Rd7 Ne5 68. Rb7 Rf3+ 69. Kg2 Rc3 70. Rxb4 Rc2+ 71. Kg3 Rxa2 72. Rb5
Nd3 73. Rb7 Kg7 74. b4 Rb2 75. b5 Nc5 76. Rb8 Na4 77. h4 e5 78. Kf3 Rb4 79. h5
gxh5 80. gxh5 Kh6 81. Rh8+ Kg7 82. Rb8 f5 83. Rb7+ Kh6 84. Ra7 Rxb5 85. Rxa4 Kxh5
86. Ra8 Rb3+ 87. Ke2 Kg4 88. Rg8+ Kf4 89. Ra8 Rb2+ 90. Ke1 e4 91. Ra3 e3 92. Ra1
Kf3 93. Rd1 Rh2 0-1

[Event "Druzynowe Mistrzostwa Polski Kobiet w Szachach Blyskawicznych"]
[Site "Szczawno-Zdroj"]
[Date "1899-12-30"]
[Round "2.6"]
[White "Dmochowska, Agnieszka"]
[Black "Cieslak, Wiktoria"]
[Result "0-1"]
[WhiteTitle "WCM"]
[BlackTitle "k++"]
[WhiteElo "1857"]
[BlackElo "1823"]

1. e4 c5 2. c3 Nf6 3. e5 Nd5 4. d4 cxd4 5. Nf3 Nc6 6. cxd4 e6 7. Bc4 d6 8. Nc3
Nb6 9. Bb5 a6 10. Bd3 Be7 11. exd6 Qxd6 12. O-O O-O 13. Re1 Nd5 14. Nxd5 Qxd5
15. Be4 Qh5 16. Qc2 Rd8 17. Bxc6 bxc6 18. Qxc6 Bd7 19. Qe4 Bf6 20. Be3 Rab8 21.
b3 Rbc8 22. Rac1 Qa5 23. a4 Qb4 24. Qd3 a5 25. Bg5 Qe7 26. Bxf6 Qxf6 27. Ne5 Rxc1
28. Rxc1 Be8 29. Qe4 h6 30. h3 Qg5 31. Rc5 Qd2 32. Nf3 Qd1+ 33. Kh2 Qxb3 34. Rxa5
Bxa4 35. Ra8 Rb8 36. Ne5 Be8 37. Rxb8 Qxb8 38. d5 f6 39. d6 Qxd6 0-1

[Event "Druzynowe Mistrzostwa Polski Kobiet w Szachach Blyskawicznych"]
[Site "Szczawno-Zdroj"]
[Date "1899-12-30"]
[Round "3.1"]
[White "Zmarzly, Aleksandra"]
[Black "Majdan, Joanna"]
[Result "0-1"]
[WhiteTitle "k+"]
[BlackTitle "WGM"]
[WhiteElo "1901"]
[BlackElo "2294"]

1. d4 Nf6 2. c4 g6 3. Nc3 Bg7 4. e4 d6 5. f3 O-O 6. Nge2 c5 7. d5 e6 8. Be3 exd5
9. cxd5 a6 10. a4 Re8 11. Ng3 h5 12. Qd2 Nbd7 13. Be2 h4 14. Nf1 Nh5 15. g3 h3
16. g4 Nhf6 17. Ng3 Ne5 18. O-O Nh7 19. Kh1 Bd7 20. Bh6 Qh4 21. Bxg7 Kxg7 22.
Rg1 c4 23. Qd4 Qf6 24. Qe3 b5 25. Raf1 b4 26. Nd1 Bxa4 27. f4 Nd3 28. g5 Qe7 29.
Bxd3 cxd3 30. Qxd3 Bxd1 31. Rxd1 a5 32. f5 Nxg5 33. Qd4+ Qe5 34. Qd2 Nf3 35. Qf2
Nxg1 36. Kxg1 a4 37. Rf1 a3 38. fxg6 fxg6 39. Qf7+ Kh6 40. Rf4 Rf8 41. Nf5+ Kg5
42. Qh7 Kxf4 43. Qh4+ Kf3 44. Qf2+ Kg4 45. Qh4+ Kf3 46. Qf2+ Kxe4 47. Ng3+ Kxd5
48. Qd2+ Qd4+ 0-1

[Event "Druzynowe Mistrzostwa Polski Kobiet w Szachach Blyskawicznych"]
[Site "Szczawno-Zdroj"]
[Date "1899-12-30"]
[Round "3.2"]
[White "Korosciel, Aneta"]
[Black "Zdziarska-zareba, Lidia"]
[Result "1-0"]
[WhiteTitle "m"]
[BlackTitle "k+"]
[WhiteElo "1852"]
[BlackElo "1745"]

1. e4 c5 2. Nf3 e6 3. d3 Nc6 4. g3 g6 5. Bg5 Qc7 6. Bg2 Bg7 7. c3 Nge7 8. O-O O-O
9. Re1 d5 10. Nbd2 d4 11. Qc2 e5 12. a4 b6 13. Rac1 Bb7 14. cxd4 exd4 15. Nc4
Nb4 16. Qb1 Nec6 17. Bf4 Qd7 18. e5 Nd8 19. Nd6 Ba6 20. Bf1 Ne6 21. Bd2 Qxa4 22.
Bxb4 Qxb4 23. Rcd1 Bb5 24. Nd2 Bc6 25. Bg2 Bxg2 26. Kxg2 Qa4 27. b3 Qc6+ 28. Kg1
Bxe5 29. N2c4 Bg7 30. Ne4 Rfb8 31. Rc1 a5 32. f4 Nc7 33. Ne5 Qb5 34. Nxf7 Nd5
35. Nfd6 Qd7 36. Nc4 a4 37. bxa4 Rxa4 38. Ne5 Bxe5 39. fxe5 Qe6 40. Nxc5 Qe8 41.
Nxa4 Qxa4 42. Rc4 Qa5 43. Rxd4 Nc3 44. Qb3+ Kh8 45. Rc4 Nd5 46. Rec1 Ne7 47. Rc7
Qxe5 48. Qc3 Qxc3 49. R1xc3 Nd5 50. Rc8+ Rxc8 51. Rxc8+ Kg7 52. Rb8 Kf6 53. Kf2
Ke5 54. Ke2 Kd4 55. Rd8 Kc5 56. Kd2 b5 57. Rc8+ Kd4 58. Rh8 Nf6 59. Rb8 Kc5 60.
Kc3 Nd5+ 61. Kb3 Nf6 62. Rb7 Kc6 63. Rf7 Nd5 64. Rxh7 Nb6 65. Rh6 Nd5 66. Rxg6+
Kc5 67. Rg5 Kc6 68. h4 Ne3 69. Rg6+ Kc5 70. h5 Nf1 71. h6 Nd2+ 72. Kc2 Nf3 73.
h7 Nd4+ 74. Kd2 Nb3+ 75. Kc3 Nd4 76. h8=Q b4+ 77. Kb2 Nb5 78. Qc8+ Kd4 79. Qd7+
Kc5 80. Rg5+ Kb6 81. Qxb5+ 1-0

[Event "Druzynowe Mistrzostwa Polski Kobiet w Szachach Blyskawicznych"]
[Site "Szczawno-Zdroj"]
[Date "1899-12-30"]
[Round "3.3"]
[White "Krzyzosiak, Anna"]
[Black "Karykowska, Anna"]
[Result "1-0"]
[WhiteTitle "I++"]
[BlackTitle "k"]
[WhiteElo "1523"]
[BlackElo "1651"]

1. e4 c5 2. c3 d6 3. d4 cxd4 4. cxd4 Nc6 5. Nc3 Nf6 6. Bc4 g6 7. Nf3 Bg7 8. O-O
O-O 9. h3 a6 10. Be3 b5 11. Bd5 Nxd5 12. Nxd5 Bb7 13. Rc1 e6 14. Nc3 Ne7 15. a3
Rc8 16. Bg5 Qd7 17. Qd2 Rfe8 18. Rfd1 Nc6 19. Qf4 Na5 20. Qh4 Nc4 21. Bh6 Qe7
22. Bg5 Qd7 23. b3 Nb6 24. e5 d5 25. Bf6 h6 26. Nh2 Rf8 27. Ng4 h5 28. Bxg7 Kxg7
29. Qf6+ Kg8 30. Nh2 Qd8 31. Qf4 Qe7 32. Ra1 Rfe8 33. Ne2 Qf8 34. Ng3 Qg7 35.
Nf3 Rf8 36. Ng5 Rc3 37. Rab1 Rcc8 38. Nf3 Rc7 39. Nh2 Rcc8 40. Rd3 Rc7 41. Rf3
Rd7 42. Ne2 Rc7 43. Rd1 Rd7 44. Rg3 Kh8 45. Rg5 Rc7 46. Ng3 Rd7 47. Nxh5 gxh5
48. Rxg7 Kxg7 49. Qg5+ Kh8 50. Qxh5+ Kg7 51. Qg5+ Kh8 52. Rd3 f5 53. exf6 Rh7
54. Rg3 Nd7 55. Nf3 Nb6 56. Ne5 Bc8 57. f7 Nd7 58. Nxd7 Bxd7 59. Qf6+ 1-0

[Event "Druzynowe Mistrzostwa Polski Kobiet w Szachach Blyskawicznych"]
[Site "Szczawno-Zdroj"]
[Date "1899-12-30"]
[Round "3.5"]
[White "Owczarek, Monika"]
[Black "Parol, Pola"]
[Result "0-1"]
[WhiteTitle "I"]
[BlackTitle "WFM"]
[WhiteElo "1342"]
[BlackElo "1723"]

1. d4 Nf6 2. c4 e6 3. Nf3 d5 4. g3 Be7 5. Bg2 O-O 6. O-O dxc4 7. Nc3 c5 8. dxc5
Bxc5 9. Bg5 Be7 10. Rb1 Nc6 11. Bxf6 Bxf6 12. Ne4 Be7 13. a3 e5 14. Qxd8 Rxd8
15. Rfd1 Bf5 16. Nfd2 Na5 17. Rbc1 Rac8 18. Nc3 b6 19. Be4 Be6 20. Nf3 Nb3 21.
Rxd8+ Rxd8 22. Rd1 Rxd1+ 23. Nxd1 f6 24. Nc3 Kf7 25. Bd5 Bc5 26. Kf1 Ke7 27. Bxe6
Kxe6 28. Ne4 Bd4 29. Nxd4+ exd4 30. Ke1 h6 31. f4 f5 32. Nf2 Kd5 33. Nd1 Ke4 34.
Kf2 b5 35. h3 a5 36. e3 b4 37. exd4 Nxd4 38. axb4 axb4 39. Ke1 Kd3 40. Nf2+ Kc2
41. g4 g6 42. h4 Kxb2 43. g5 hxg5 44. h5 gxh5 45. fxg5 Nf3+ 46. g6 0-1

[Event "Druzynowe Mistrzostwa Polski Kobiet w Szachach Blyskawicznych"]
[Site "Szczawno-Zdroj"]
[Date "1899-12-30"]
[Round "3.6"]
[White "Rykala, Monika"]
[Black "Plichta, Olga"]
[Result "1-0"]
[WhiteTitle "I++"]
[BlackTitle "II"]
[WhiteElo "1756"]
[BlackElo "1302"]

1. d4 d5 2. e3 Nf6 3. Bd3 Bg4 4. Nf3 e6 5. Nbd2 Nbd7 6. b3 c5 7. Bb2 cxd4 8. exd4
Qb6 9. O-O Bd6 10. Qe1 Qc7 11. Ne5 Bh5 12. f4 a6 13. Qg3 O-O 14. Rac1 b5 15. Qg5
Be7 16. Qg3 Bd6 17. Kh1 Bb4 18. c3 Bd6 19. c4 bxc4 20. bxc4 Qa5 21. Bc3 Bb4 22.
Nc6 1-0

[Event "Druzynowe Mistrzostwa Polski Kobiet w Szachach Blyskawicznych"]
[Site "Szczawno-Zdroj"]
[Date "1899-12-30"]
[Round "4.1"]
[White "Majdan, Joanna"]
[Black "Jedrzejko, Martyna"]
[Result "1-0"]
[WhiteTitle "WGM"]
[BlackTitle "I"]
[WhiteElo "2294"]
[BlackElo "1320"]

1. e4 c5 2. Nf3 Nc6 3. d4 cxd4 4. Nxd4 Nf6 5. Nc3 e5 6. Ndb5 d6 7. Bg5 a6 8. Na3
b5 9. Nd5 Be7 10. Bxf6 Bxf6 11. c4 b4 12. Nc2 a5 13. g3 Bg5 14. h4 Bh6 15. Bg2
Be6 16. O-O O-O 17. b3 Ne7 18. Qd3 Nxd5 19. exd5 Bd7 20. a3 bxa3 21. Rxa3 f5 22.
Rfa1 Qb6 23. Qc3 Rfb8 24. Bf1 f4 25. Kg2 fxg3 26. Qxg3 Bf4 27. Qc3 Qd8 28. Bd3
Qxh4 29. Rh1 Qg4+ 30. Kf1 h6 31. Be2 Qg5 32. c5 Bd2 33. Qd3 Bb5 34. Qh3 Bxe2+
35. Kxe2 dxc5 36. Raa1 Rb4 37. Rag1 Re4+ 38. Kd1 Qf6 39. Kxd2 Qxf2+ 40. Kc1 Re2
1-0

[Event "Druzynowe Mistrzostwa Polski Kobiet w Szachach Blyskawicznych"]
[Site "Szczawno-Zdroj"]
[Date "1899-12-30"]
[Round "4.2"]
[White "Janikowska, Wiktoria"]
[Black "Korosciel, Aneta"]
[Result "0-1"]
[WhiteTitle "I"]
[BlackTitle "m"]
[WhiteElo "1266"]
[BlackElo "1852"]

1. e4 d6 2. d4 Nf6 3. Nc3 c6 4. Nf3 Bg4 5. Be2 e6 6. h3 Bxf3 7. Bxf3 d5 8. e5 Nfd7
9. Be3 c5 10. O-O Be7 11. a4 Nc6 12. Re1 O-O 13. Qd2 Rc8 14. Nb5 cxd4 15. Nxd4
Ncxe5 16. Qe2 Nc4 17. b3 Nxe3 18. Qxe3 Bf6 19. Rac1 Bg5 20. Qe2 Bxc1 21. Rxc1
a6 22. c4 Qb6 23. Qd3 Ne5 24. Qd1 Nxf3+ 25. Nxf3 dxc4 26. bxc4 Rfd8 27. Qe2 h6
28. Qe4 Qc6 29. Qxc6 Rxc6 30. Ne5 Rc5 31. Nf3 Rdc8 32. Nd2 Kf8 33. Kf1 b5 34.
axb5 axb5 35. Ke2 bxc4 36. Ne4 Re5 37. Kf3 Ke7 38. Kg3 0-1

[Event "Druzynowe Mistrzostwa Polski Kobiet w Szachach Blyskawicznych"]
[Site "Szczawno-Zdroj"]
[Date "1899-12-30"]
[Round "4.3"]
[White "Kucharska, Honorata"]
[Black "Andrejczuk, Beata"]
[Result "1-0"]
[WhiteTitle "WFM"]
[BlackTitle "WFM"]
[WhiteElo "1961"]
[BlackElo "1905"]

1. e4 d5 2. exd5 Qxd5 3. Nc3 Qa5 4. d4 c6 5. Nf3 Nf6 6. Be2 Bg4 7. O-O e6 8. h3
Bh5 9. Bf4 Nbd7 10. Bg3 Bb4 11. Nb1 Nb6 12. c3 Be7 13. b4 Qf5 14. Nbd2 Nbd5 15.
Rc1 O-O 16. a3 Ne4 17. Nxe4 Qxe4 18. Bd3 Bxf3 19. gxf3 Nxc3 20. Rxc3 Qd5 21. Be4
Qh5 22. Kg2 a5 23. bxa5 Rxa5 24. f4 Qh6 25. Bf3 Bxa3 26. Rb3 Bd6 27. Qd2 Rf5 28.
Qe2 Bxf4 29. Rxb7 Rg5 30. Bg4 Bxg3 31. fxg3 f5 32. Bf3 Qg6 33. Qf2 f4 34. g4 h5
35. Qe2 hxg4 36. hxg4 Rd8 37. Re1 e5 38. dxe5 Qe6 39. Qe4 Rxg4+ 40. Kf2 Rd2+ 41.
Re2 Rxe2+ 42. Qxe2 Rg3 43. Rb8+ Kf7 44. Qc2 Qd7 45. Qc4+ Kg6 46. Qe4+ Kf7 47.
Qxf4+ Ke7 48. Kxg3 c5 49. Qg5+ Kf7 50. Bh5+ g6 51. Qxg6+ Ke7 52. Qf6# 1-0

[Event "Druzynowe Mistrzostwa Polski Kobiet w Szachach Blyskawicznych"]
[Site "Szczawno-Zdroj"]
[Date "1899-12-30"]
[Round "4.4"]
[White "Andrzejewska, Anna"]
[Black "Cieslak, Wiktoria"]
[Result "1/2-1/2"]
[WhiteTitle "k"]
[BlackTitle "k++"]
[WhiteElo "1796"]
[BlackElo "1823"]

1. e4 c5 2. Nf3 d6 3. d4 cxd4 4. Nxd4 Nf6 5. Nc3 a6 6. Bg5 Nbd7 7. f4 Qc7 8. Qf3
h6 9. Bh4 g5 10. Bg3 gxf4 11. Bh4 Qb6 12. O-O-O Ne5 13. Qxf4 Bg4 14. Be2 Bxe2
15. Ncxe2 Nfd7 16. Nf5 Rc8 17. Nc3 Ng6 18. Qf2 Nxh4 19. Qxh4 Ne5 20. Qh3 e6 21.
Nd4 Nc4 22. b3 Ne5 23. Rhf1 Qa5 24. Nd5 Qa3+ 25. Kb1 Qc5 26. c4 exd5 27. exd5
Be7 28. Qf5 Rg8 29. g3 Rf8 30. Nf3 Nxf3 31. Rxf3 Qc7 32. Re1 Qd7 33. Qe4 Kd8 34.
Qe3 Bg5 35. Qb6+ Qc7 36. Qd4 f6 37. h4 Qh7+ 38. Kb2 Qg8 39. hxg5 fxg5 40. Re6
Rxf3 41. Rxd6+ Kc7 42. Qb6+ Kb8 43. Rd7 Qh8+ 44. Ka3 Rxb3+ 45. axb3 Qa1+ 46. Kb4
Qe1+ 47. Ka4 Qa1+ 48. Kb4 Qe1+ 49. Ka3 Qa1+ 50. Kb4 Qe1+ 51. Ka4 Qa1+ 52. Kb4
Qe1+ 1/2-1/2

[Event "Druzynowe Mistrzostwa Polski Kobiet w Szachach Blyskawicznych"]
[Site "Szczawno-Zdroj"]
[Date "1899-12-30"]
[Round "4.5"]
[White "Pawicka, Magdalena"]
[Black "Wikar, Martyna"]
[Result "0-1"]
[WhiteTitle "I"]
[BlackTitle "I++"]
[WhiteElo "1521"]
[BlackElo "1846"]

1. e4 c5 2. Nf3 Nc6 3. d4 cxd4 4. Nxd4 Nf6 5. Nc3 e5 6. Ndb5 d6 7. Bg5 a6 8. Na3
b5 9. Bxf6 gxf6 10. Nd5 f5 11. g3 Bg7 12. Bg2 fxe4 13. O-O O-O 14. Bxe4 Bd7 15.
Ne3 f5 16. Bg2 e4 17. Qxd6 Qe7 18. Rad1 Rad8 19. Qxe7 Nxe7 20. c3 Be6 21. Nac2
Bxa2 22. Nb4 Bb3 23. Rxd8 Rxd8 24. Nxa6 Rd2 25. Nc5 Rxb2 26. Nxb3 Rxb3 27. c4
b4 28. c5 Rc3 29. Rb1 b3 30. c6 Bd4 31. c7 Bxe3 32. fxe3 Rxc7 33. Rxb3 Rc1+ 34.
Kf2 Rc2+ 35. Kf1 Nd5 36. Ra3 Kf7 37. Ra7+ Kg6 38. Ra3 Kf6 39. Rb3 h5 40. Ra3 Rb2
41. Kg1 Nb4 42. Kf1 Nd3 43. Kg1 Rb1+ 44. Bf1 Ne5 45. Kg2 Rb2+ 46. Kg1 Nf3+ 47.
Kh1 Rxh2# 0-1

[Event "Druzynowe Mistrzostwa Polski Kobiet w Szachach Blyskawicznych"]
[Site "Szczawno-Zdroj"]
[Date "1899-12-30"]
[Round "4.6"]
[White "Swiech, Joanna"]
[Black "Smietanska, Wiktoria"]
[Result "1-0"]
[WhiteTitle "k"]
[BlackTitle "CM"]
[WhiteElo "1679"]
[BlackElo "1324"]

1. d4 Nf6 2. c4 e6 3. a3 d5 4. Nc3 Be7 5. cxd5 exd5 6. Bg5 O-O 7. Nf3 c6 8. e3
Bg4 9. Be2 h6 10. Bh4 Nbd7 11. O-O Qc7 12. h3 Bxf3 13. Bxf3 Rac8 14. Rc1 Rfd8
15. Bg3 Qb6 16. Na4 Qa5 17. b4 Qa6 18. Be2 b5 19. Nc5 Bxc5 20. bxc5 Ne4 21. Bf4
Re8 22. Ra1 Nc3 23. Qd2 Nxe2+ 24. Qxe2 Nf6 25. a4 Re7 26. axb5 Qxb5 27. Qxb5 cxb5
28. Rfb1 Rb7 29. Rb4 Ne4 30. Ra5 Nc3 31. Kf1 Rc6 32. Ke1 a6 33. f3 Na4 34. Raxa4
bxa4 35. Rxb7 a3 36. Rb1 a2 37. Ra1 a5 1-0

[Event "Druzynowe Mistrzostwa Polski Kobiet w Szachach Blyskawicznych"]
[Site "Szczawno-Zdroj"]
[Date "1899-12-30"]
[Round "5.1"]
[White "Krzyzosiak, Anna"]
[Black "Majdan, Joanna"]
[Result "0-1"]
[WhiteTitle "I++"]
[BlackTitle "WGM"]
[WhiteElo "1523"]
[BlackElo "2294"]

1. e4 c5 2. Nf3 e6 3. d3 Nc6 4. Nbd2 g6 5. g3 Bg7 6. Bg2 d5 7. O-O Nge7 8. Re1
O-O 9. Nf1 Qc7 10. h4 Rd8 11. Qe2 b5 12. Bf4 Qb6 13. c3 b4 14. Bd2 dxe4 15. dxe4
Ba6 16. Qe3 Rd3 17. Qf4 e5 18. Qg4 Bc8 19. Qg5 h6 20. Re3 Rxd2 21. N1xd2 hxg5
22. Nxg5 bxc3 23. bxc3 Qb2 24. Rd1 Bg4 25. f3 Rd8 26. Re2 Qc2 27. Rf1 Rxd2 28.
Rxd2 Qxd2 29. fxg4 f6 30. Ne6 c4 31. Nxg7 Kxg7 32. Rf3 Nd4 33. cxd4 exd4 34. Rf2
Qe3 35. Kf1 c3 36. g5 fxg5 37. hxg5 d3 38. Rf3 Qxf3+ 39. Bxf3 c2 0-1